Statistics for Bible Books Multiple Choice

Click here to take the quiz!

General Stats

  • This quiz has been taken 71 times
  • The average score is 5 of 13

Answer Stats

QuestionAnswer% Correct
Which of these is considered one of the "major" prophets?Ezekiel
80%
Which of these is a canonical gospel?John
80%
In the traditional Christian ordering of the Bible, which of these books comes first?Joel
56%
Which of these books contain events which supposedly take place during the reign of King Josiah of Judah?Jeremiah
50%
In which gospel do shepherds visit Jesus as a baby?Luke
41%
In the traditional Jewish categorising of the Hebrew Bible, which of these is considered part of the Ketuvim?Ecclesiastes
38%
Which of these contains only 5 chapters?Lamentations
38%
Which of these is not a real Bible book?Revelations
36%
Which of these books were written during the Babylonian exile?Ezekiel
34%
Which of these is a "deutero-canonical" book?Judith
33%
Which of these prophets come from the northern kingdom of Israel?Hosea
28%
Which of these do scholars generally consider not to have been written by Paul?Ephesians
20%
Which of these is frequently considered by scholars to be part of the theorised "Deuteronomistic History"?1 Kings
6%

Score Distribution

Percentile by Number Answered

Percent of People with Each Score

Your Score History

You have not taken this quiz